Pays européen aléatoire au la capitale - Statistiques

Statistiques générales
  • Ce quiz a été pris 982 fois
  • Le résultat moyen est 9 sur 10
Statistiques - réponses
pays capitale % Correct
Allemagne Berlin
100%
Belgique Bruxelles
100%
Royaume-Uni Londres
100%
Luxembourg Luxembourg
100%
Espagne Madrid
100%
Russie Moscou
100%
France Paris
100%
Italie Rome
100%
Pays-Bas Amsterdam
97%
Grèce Athènes
97%
Suisse Berne
97%
Saint-Marino Saint-Marin
97%
Vatican Vatican
97%
Ukraine Kiev
95%
Malte La Valette
95%
Danemark Copenhague
94%
Monaco Monaco
94%
Autriche Vienne
92%
Portugal Lisbonne
91%
Bulgarie Sofia
91%
Irlande Dublin
90%
Norvège Oslo
88%
Pologne Varsovie
88%
Andorre Andorre-la-Vieille
84%
Biélorussie Minsk
84%
Finlande Helsinki
83%
Roumanie Bucarest
82%
Hongrie Budapest
82%
Islande Reykjavik
82%
Lettonie Riga
80%
Tchequie Prague
76%
Slovénie Ljubljana
75%
Lithuanie Vilnius
75%
Suède Stockholm
74%
Croatie Zagreb
74%
Estonie Tallinn
72%
Liechtenstein Vaduz
72%
Moldavie Chișinău
69%
Serbie Belgrade
67%
Slovaquie Bratislava
66%
Albanie Tirana
64%
Bosnie-Herzégovine Sarajevo
59%
Monténégro Podgorica
53%
Kosovo Pristina
52%
Macédoine Skopje
50%
Aucun quiz correspondant
Distribution des résultats
% des personnes avec chaque résultat
Percentile par nombre de réponses
Votre historique - résultats
Vous n’avez pas pris ce quiz